Vocaloid Producer by Song - Statistics

General Stats
  • This quiz has been taken 158 times
  • The average score is 8 of 15
Answer Stats
Song Producer % Correct
Rabbit Hole DECO*27
94%
Rolling Girl Wowaka
76%
Young Girl A siinamota
60%
World is Mine Supercell
59%
You are a Useless Child Kikuo
57%
Plus Boy Giga
56%
Heat Abnormal iyowa
55%
M@GICAL☆CURE! LOVE SHOT! SAWTOWNE
54%
Triple Baka LamazeP
53%
Machine Love Jamie Paige
48%
All I Need Are Things I Like PinocchioP
44%
CIRCUS PANIC!!! 32ki
35%
NEWS 39 MitchieM
27%
YAMADA PERFECT jon-YAKITORY
26%
Last of Me CircusP
18%
No matching quizzes found
Score Distribution
Percent of People with Each Score
Percentile by Number Answered
Your Score History
You have not taken this quiz